Kali - top 3 utwory z każdej płyty - Statystyki

Ogólne statystyki
  • Ten quiz został rozwiązany 23 razy
  • Średni wynik to 23 z 42
Statystyki odpowiedzi
PŁYTA AUTOR/RZY + LICZBA WYŚWIETLEŃ TYTUŁ % Poprawnych
V8T (FLVWLXSS) Kali (74mln) 30KMH
87%
V8T (FLVWLXSS) Kali (35mln) Piraci
87%
HUCPA (MAJOR SPZ) Kali x Major feat. PlanBe (25mln) California
80%
KRIME STORY Krime (15mln) Latawica
80%
V8T (FLVWLXSS) Kali x Paluch (50mln) Opary
80%
CHAKRA (PAWBEATS) Kali (29mln) Pacyfka
80%
WIESZ CO SIĘ KRUSZY (GANJA MAFIA) Ganja Mafia (47mln) Pole Marysi
80%
CHUDY CHŁOPAK Kali (10mln) Blok D
73%
CHUDY CHŁOPAK Kali (15mln) Front
73%
HUCPA (MAJOR SPZ) Kali x Major (26mln) Mona Lisa
73%
CHAKRA (PAWBEATS) Kali (15mln) Muza
73%
CHAKRA (PAWBEATS) Kali (35mln) Zwierciadło
73%
DROGA KOGUTA (FLVWLXSS) Kali feat. Paluch, Żabson (10mln) Chinatown
67%
CHUDY CHŁOPAK Kali (12mln) F.I.R.M.A
67%
KRIME STORY Kali (14mln) Mów mu Krime
67%
K4LION Kali (12mln) Na blokach
67%
K4LION Kali (13mln) Atlantyda
60%
HUCPA (MAJOR SPZ) Kali x Major (15mln) Si
60%
DROGA KOGUTA (FLVWLXSS) Kali feat. Major SPZ (5,9mln) Yakuza
60%
ZAPISKI Z LANDARY Kali feat. Paluch (1,3mln) Igristoje
53%
KRIME STORY Kali (14mln) Krime Story Prolog
53%
WIESZ CO SIĘ KRĘCI (GANJA MAFIA Ganja Mafia (13mln) Lemon Haze
53%
ZAPISKI Z LANDARY Kali feat. Dzieciaki z Bobrka (1,7mln) Miasto Boga
53%
SENTYMENTALNIE (GIBBS) Kali Gibbs (38mln) Panta Rhei
53%
K4LION Kali (10mln) Polando Favela
53%
MILION DRÓG DO ŚMIERCI (PALUCH) Kali x Paluch (16mln) Syntetyczna Ganja Mafia
53%
ZAPISKI Z LANDARY Kali feat. Hemp Gru (2,3mln) Tam gdzie Ty
53%
WIESZ CO SIĘ KRUSZY (GANJA MAFIA) Ganja Mafia (23mln) Dobre Geesy
47%
WIESZ CO SIĘ KRĘCI (GANJA MAFIA) Ganja Mafia (85mln) Mój Ziomek
47%
GDY ZGAŚNIE SŁOŃCE Kali (15mln) Piękna i Bestia
47%
50/50 Kali (11mln) Potrzeba nieba
47%
GDY ZGAŚNIE SŁOŃCE Kali (47mln) Tu gdzie żyjemy
47%
WIESZ CO SIĘ KRĘCI (GANJA MAFIA Ganja Mafia (14mln) Band The Rolla
40%
DROGA KOGUTA (FLVWLXSS) Kali (5mln) Droga Koguta (Outsider)
40%
MILION DRÓG DO ŚMIERCI (PALUCH) Kali x Paluch (23mln) Whiskey Haze
40%
WIESZ CO SIĘ KRUSZY (GANJA MAFIA) Ganja Mafia gość Justyna (63mln) Gdy Ujrzałem Drogę
33%
SENTYMENTALNIE (GIBBS) Kali feat. Lukasyno (13mln) Piękne Chwile
27%
MILION DRÓG DO ŚMIERCI (PALUCH) Kali x Paluch (6,6mln) Milion Dróg Do Śmierci
20%
GDY ZGAŚNIE SŁOŃCE Kali (15mln) Pauza
20%
50/50 Kali (18mln) Pełnia
20%
SENTYMENTALNIE (GIBBS) Kali Gibbs (22mln) Gdzie Jesteś?
13%
50/50 Kali (7mln) Jeden Buch
13%
Nie znaleziono quizów pasujących do podanych kryteriów
Rozkład punktacji
Procent ludzi z każdym wynikiem
Percentyl według liczby udzielonych odpowiedzi
Twoja historia wyników
Nie rozwiązałeś tego quizu